000 01440cad a22002655a 4500
001 L143551
008 080516s2008 xxk f f000 0 eng d
020 _a9780101737227
035 _a(Sirsi) u143551
041 0 _aeng
050 0 4 _a011.532 $2 18
110 1 _aUnited Kingdom
_bOffice of the Leader of the House of Commons
_95546
245 0 0 _aPreparing Britain for the future
_bBritain's draft legislative programme 2008/09
_h[electronic resource]
260 _aLondon
_bTSO
_c2008
520 _aSets out the government's legislative intentions for the 2008-2009 session of Parliament. Defines four main themes: economic stability, making the most of individual potential, personalisation and improvement of public services and handing power back to the people. Provides a summary of the bills in the draft programme. Also describes an intended programme of improving and simplifying existing legislation.
521 2 _aAdvanced
590 _aKA
651 4 _aUnited Kingdom
_y
690 _aPROPERTY-RESIDENTIAL PROPERTY-DOMESTIC RESIDENTIAL PROPERTY-HOUSING
690 _aPROPERTY-PROPERTY MANAGEMENT-REGENERATION
690 _aMANAGEMENT-BUSINESS MANAGEMENT
690 _aPROPERTY-RURAL AND NATURAL ASSETS-RURAL AND NATURAL ASSET MANAGEMENT-COASTAL MANAGEMENT
856 4 0 _uhttps://www.official-documents.gov.uk/document/cm73/7372/7372.asp
_zView the item free of charge at www.official-documents.gov.uk...
942 _n0
999 _c108216
_d108216